Statistics for Video Games by Letter - “W”

Click here to take the quiz!

General Stats

  • This quiz has been taken 40 times
  • The average score is 5 of 10

Answer Stats

HintAnswer% Correct
The eviler, greedier and gassier version of MarioWario
100%
Nintendo’s best selling console everWii
91%
Super popular MMORPG released in 2004World of Warcraft
77%
Black skeletal boss in MinecraftWither
68%
Basic enemy in Kirby’s DreamlandWaddle Dee
36%
Main antagonist of Starfox (Lylat Wars)Wolf
32%
11th course in Super Mario 64 that allows you to change the water levelWet Dry World
23%
Magic conductor’s wand from the 2002 Legend of Zelda gameWind Waker
23%
First level of Sonic Lost WorldWindy Hill Zone
18%
Game in where “garbage bin denizens” fight each other in a 2D spaceWorms
5%

Score Distribution

Percentile by Number Answered

Percent of People with Each Score

Your Score History

You have not taken this quiz